000
00288nam a22001337a 4500
008
181019b xxu||||| |||| 00| 0 eng d
020
_a
9780133058222
041
_a
eng
080
_2
3ED
_a
338
100
_a
59
101
_a
KON
245
_a
Accouting
_c
Harrison.R.H
942
_2
udc
_c
BK
999
_c
50180
_d
50180